WWE Nicknames #4 - Statistics

General Stats
  • This quiz has been taken 327 times
  • The average score is 12 of 20
Answer Stats
Hint Answer % Correct
Y2J / The Ayatollah of Rock and Rolla Chris Jericho
93%
The Bulgarian Brute Rusev
86%
The Monster Among Men Braun Strowman
83%
The Modern Day Maharaja Jinder Mahal
83%
Lone Wolf Baron Corbin
76%
The Bad Guy Razor Ramon
76%
Big Poppa Pump Scott Steiner
69%
The Rabid Wolverine Chris Benoit
67%
The Ravishing Russian Lana
65%
The King of Strong Style Shinsuke Nakamura
64%
The Perfect 10 Tye Dillinger
63%
The Man That Gravity Forgot Neville
58%
The Bizarre One Goldust
54%
Five Feet of Fury Alexa Bliss
50%
The Man of 1,000 Holds Dean Malenko
49%
The Drifter Elias
46%
Shaman of Sexy / Prince of Parkour John Morrison
46%
The Man-Beast Rhyno
33%
The Franchise Shane Douglas
28%
The Lethal Weapon Steve Blackman
28%
No matching quizzes found
Score Distribution
Percent of People with Each Score
Percentile by Number Answered
Your Score History
You have not taken this quiz